Ghosts of the shadow market

Bibliographic Details
Other Authors: Clare, Cassandra
Format: Book
Published: New York : Margaret K. McElderry Books , 2019
Subjects:

MARC

LEADER 00000cam a2200000 7i4500
001 0000278752
005 20200901105735.0
020 |a 9781534445239 
090 0 0 |a F   |b GHO 
245 1 0 |a Ghosts of the shadow market   |c Cassandra Clare... [et.al.] 
260 |a New York :   |b Margaret K. McElderry Books ,   |c 2019 
300 |a 607p. ;   |c 23cm. 
650 0 |a Fiction 
700 1 |a Clare, Cassandra 
999 |a 00384483   |b BUKU   |c PINJAMAN   |e PERPUSTAKAAN KOMUNITI PETALING JAYA